000 00415nam a22001457a 4500
999 _c7568
_d7566
005 20210313134437.0
008 210313b ||||| |||| 00| 0 eng d
082 _a346.066
100 _aAIYAR, A.N.
_96466
245 _aREPORTS OF COMPANY CASES INCLUDING CASES OF BANKING AND INSURENCE [VOL-53]
260 _aMADRAS
_bCOMPANY LAW INSTITUTE OF INDIA
_c1983
300 _aI-XX,P
650 _aLAW
_95701
942 _cJRL